Statistics for Disney Villains and Antagonists

Click here to take the quiz!

General Stats

  • This quiz has been taken 3,622 times
    (1,601 since last reset)
  • The average score is 22 of 47

Answer Stats

HintAnswer% Correct
AladdinJafar
94%
Snow White and the Seven DwarfsThe Queen/Witch
92%
The Little MermaidUrsula The Sea Witch
91%
HerculesHades
90%
The Lion KingScar
90%
One Hundred and One DalmatiansCruella De Vil
89%
TangledMother Gothel
89%
Alice In WonderlandThe Queen of Hearts
89%
Sleeping BeautyMaleficent
87%
Peter PanCaptain Hook
86%
Beauty and the BeastGaston
86%
CinderellaLady Tremaine/Evil Stepsisters
82%
FrozenPrince Hans of the Southern Isles
80%
BambiMan
75%
The Emperor's New GrooveYzma
72%
Toy StorySid Phillips
67%
The Jungle BookShere Khan
64%
The IncrediblesSyndrome
56%
Robin HoodPrince John/The Sherriff of Nottingham
54%
A Bug's LifeHopper
53%
Toy Story 3Lotso Huggin' Bear
52%
The Princess and the FrogDoctor Facilier
45%
The Hunchback of Notre DameJudge Claude Frollo
45%
Monsters, IncHenry J. Waternoose III/Randall Boggs
44%
TarzanClayton
42%
MulanShan Yu
42%
The Great Mouse DetectiveProfessor Ratigan
38%
Toy Story 2Al McWhiggin/Stinky Pete
36%
The AristocatsEdgar Balthazar
36%
PocahontasGovernor Ratcliffe
30%
The Sword in the StoneMadam Mim
30%
The RescuersMadame Medusa
24%
Zootopia/ZootropolisAssistant Mayor Bellwether
22%
Treasure PlanetJohn Silver
22%
PinocchioStromboli/ The Coachman
22%
The Black CauldronThe Horned King
21%
The Fox and the HoundAmos Slade
15%
Home on the RangeAlameda Slim
13%
The Rescuers Down UnderPercival C. McLeach
12%
Atlantis: The Lost EmpireCommander Lyle Terbius Rourke
11%
BoltThe Director
5%
FantasiaChernabog
2%
Oliver & CompanyBill Sykes
1%
Lilo and StitchCaptain Gantu
1%
BraveMor'du
1%
Wreck-It-RalphTurbo
1%
Big Hero 6Yokai/Professor Callaghan
1%

Score Distribution

Percentile by Number Answered

Percent of People with Each Score

Your Score History

You have not taken this quiz since the last reset